Diálogos a una pulgada del suelo: recuperar las creencias en una época interreligiosa

Uloženo v:
Podrobná bibliografie
Hlavní autor: Heisig, James W (Autor)
Médium: Kniha
Jazyk:španělština
Vydáno: Barcelona Herder 2005
Vydání:1a. ed
Témata:
Tagy: Přidat tag
Žádné tagy, Buďte první, kdo vytvoří štítek k tomuto záznamu!

MARC

LEADER 00000cam a2200000 a 4500
001 UCD4369
003 CL-VaPUC
008 160708e20050000sp |||||||||||||||||spa|d
020 |a 842542366X 
082 0 4 |a 200.1  |b HEI  |2 21 
100 0 |a Heisig, James W  |e author  |9 588052 
245 1 0 |a Diálogos a una pulgada del suelo: recuperar las creencias en una época interreligiosa 
250 |a 1a. ed 
300 |a 272 p 
942 |c BK 
945 |d 20160708 23:22:00  |a dcastane 
260 |a Barcelona  |b Herder  |c 2005 
650 0 |a Filosofía de la religión   |9 256017 
583 |a last modification  |c 20160708 23:22:00  |k Rodrigo Vera 
999 |c 365290  |d 365288 
952 |0 0  |1 0  |3 erb  |4 0  |6 200_100000000000000_HEI_2005  |7 0  |8 A  |9 479086  |a BIBTEO  |b BIBTEO  |i 5296439  |o 200.1 HEI 2005  |p 5296439  |r 2025-01-17  |w 2019-11-24  |y BK  |z Catalogado en:20160708  |k ICR